Normale Ansicht MARC-Ansicht ISBD

Eingriff mit Risiko und vielen Unbekannten. (Titelsatznr. 372345)

[ MARC ]
MARC-Details
000 -Satzkennung
Kontrollfeld mit fester Länge 00594nab a2200181 4500
001 - Kontrollnummer
Kontrollfeld 90031
003 - Kontrollnummer Identifier
Kontrollfeld OSt
005 - Datum und Zeit der letzten Transaktion
Kontrollfeld 20230411095156.0
007 - Feld mit fester Länge zur physischen Beschreibung - Allgemeine Information
Kontrollfeld mit fester Länge tu
008 - Feld mit fester Länge zur physischen Beschreibung - Allgemeine Angaben
Kontrollfeld mit fester Länge 110905s2000|||||||
040 ## - Katalogisierungsquelle
Original-Katalogisierungsstelle DE-2950
Übertragungsstelle DE-2950
245 00 - Titel
Titel Eingriff mit Risiko und vielen Unbekannten.
Zusatz zum Titel Grenzfluss. Der Oder-Ausbau beruht auf einem deutsch-polnischen Abkommen. Sein Ziel Hochwasserschutz verfehlt es .../<br/>
Verfasserangabe etc. Nancy Waldmann
264 ## - Produktion, Veröffentlichung, Distribution, Herstellung und Urheberrechtsvermerk
Datum der Herstellung, der Veröffentlichung, des Vertriebs oder des Urheberschutzvermerks 2023
653 ## - Indexierungsterm - Nicht normiert
Nicht-normierter Term Oder <Fluss>
653 ## - Indexierungsterm - Nicht normiert
Nicht-normierter Term Oder-Ausbau
773 0# - Übergeordnete Einheit
Verknüpfungsangaben 34. Jahrgang (2023) Nr. 78, 01./02.04.2023, S. 4: mit Foto
Titel Märkische Oderzeitung
942 ## - Zusätzliche Felder (Koha)
Klassifikation oder Aufstellungssystematik Andere/Generische Klassifikation
Koha-Medientyp Aufsätze
Exemplare
Ausgeschieden Verloren Klassifikation oder Aufstellungssystematik Beschädigt Nicht entleihbar Heimatbibliothek Aufenthaltsbibliothek Aufstellungsort Erwerbungsdatum Anzahl Ausleihen Signatur Letzte Aktivität Preis gültig von Koha-Medientyp
    Andere/Generische Klassifikation     Stadtarchiv Frankfurt (Oder) | Archivbibliothek Stadtarchiv Frankfurt (Oder) | Archivbibliothek Magazin 11/04/2023   Z2 11/04/2023 11/04/2023 Aufsätze